000 00566cam a22001815a 4500
001 L156614
008 120612n xxk f 000 0 eng d
035 _a(Sirsi) u156614
041 0 _aeng
110 2 _aNational Association of Auctioneers, House Agents, Rating Surveyors and Valuers
_94989
245 0 0 _aMembership of the N.A.A.
260 _aLondon
_bNAA
_c[193-?]
300 _a[3] p.
_c33 cm.
520 _aSets out the bye-laws of the NAA, as well as details of examinations.
651 4 _aGreat Britain
_y1707-
690 _aAuctioneering
_96218
942 _n0
999 _c114322
_d114322